[Event "Reykjavik op"]
[Site "Reykjavik"]
[Date "2024.03.21"]
[Round "9"]
[White "Thorfinnsson, Bjorn"]
[Black "Fossheim, Yngve Goetestam"]
[Result "1-0"]
[WhiteElo "2353"]
[BlackElo "2090"]
[PlyCount "71"]
[EventDate "2024.03.15"]
[EventType "swiss"]
[EventRounds "9"]
[EventCountry "ISL"]
[SourceTitle "CB13_2024"]
[SourceDate "2024.03.27"]
[SourceVersion "1"]
[SourceVersionDate "2024.03.27"]
[SourceQuality "1"]

1. d4 Nf6 2. Nf3 g6 3. Bg5 Bg7 4. e3 d6 5. Bd3 0-0 6. c3 Nbd7 7. Nbd2 e5 8. 0-0 Qe8 9. Qc2 h6 10. Bh4 a6 11. a4 b6 12. Rfd1 Bb7 13. Bxf6 Bxf6 14. dxe5 Nxe5 15. Nxe5 Qxe5 16. Be4 d5 17. Bf3 c5 18. Nc4 dxc4 19. Bxb7 Ra7 20. Bd5 Kg7 21. Bxc4 Qb8 22. Qe2 a5 23. Rd3 Rd8 24. Rad1 Rxd3 25. Rxd3 Re7 26. Qf3 Be5 27. g3 h5 28. Qd5 Qb7 29. Qxb7 Rxb7 30. f4 Bb8 31. Rd8 Ba7 32. Bd5 Re7 33. e4 Kf6 34. e5+ Kg7 35. h4 f6 36. Rg8+ 1-0

[Event "Reykjavik op"]
[Site "Reykjavik"]
[Date "2024.03.17"]
[Round "4"]
[White "Fossheim, Yngve Goetestam"]
[Black "Novak, Vjekoslav"]
[Result "1-0"]
[WhiteElo "2090"]
[BlackElo "1833"]
[PlyCount "51"]
[EventDate "2024.03.15"]
[EventType "swiss"]
[EventRounds "9"]
[EventCountry "ISL"]
[SourceTitle "CB13_2024"]
[SourceDate "2024.03.27"]
[SourceVersion "1"]
[SourceVersionDate "2024.03.27"]
[SourceQuality "1"]

1. d4 f5 2. e4 fxe4 3. Nc3 Nf6 4. Bg5 g6 5. f3 d5 6. fxe4 dxe4 7. Qd2 Bg7 8. Bc4 h6 9. Bf4 Bg4 10. h3 g5 11. Be3 Bh5 12. g4 Bg6 13. 0-0-0 a6 14. h4 Nxg4 15. hxg5 Nxe3 16. Qxe3 h5 17. Nh3 Qd6 18. Nf4 Bf7 19. Bxf7+ Kxf7 20. Nxe4 Qc6 21. Nc5 e6 22. Ncxe6 Re8 23. Qd3 Rxe6 24. Nxe6 Qxe6 25. Rdf1+ Kg8 26. Rxh5 1-0

[Event "NOR-chT Elite 2324"]
[Site "Norway"]
[Date "2023.10.29"]
[Round "3.56"]
[White "Fossheim, Yngve Goetestam"]
[Black "Olsen, William Alexander"]
[Result "1-0"]
[WhiteElo "2018"]
[BlackElo "2064"]
[PlyCount "139"]
[EventDate "2023.10.27"]
[EventType "team-tourn"]
[EventRounds "9"]
[EventCountry "NOR"]
[SourceTitle "Mega2024 Update 01"]
[Source "Chessbase"]
[SourceDate "2023.11.12"]
[SourceVersion "1"]
[SourceVersionDate "2023.11.12"]
[SourceQuality "1"]
[WhiteTeam "Bergens"]
[BlackTeam "Baerum"]
[WhiteTeamCountry "NOR"]
[BlackTeamCountry "NOR"]

1. e4 c5 2. Nf3 Nc6 3. Bb5 g6 4. 0-0 Bg7 5. c3 Nf6 6. Re1 0-0 7. d4 d5 8. exd5 Nxd5 9. dxc5 Bg4 10. Bc4 e6 11. Bxd5 Qxd5 12. Qxd5 exd5 13. Bf4 d4 14. Nxd4 Bxd4 15. cxd4 Nxd4 16. Bd6 Nc2 17. Bxf8 Nxe1 18. Nc3 Nc2 19. Rc1 Nb4 20. Bd6 Nd3 21. Rb1 Bf5 22. Nd5 Kg7 23. Ne7 Be6 24. Rd1 Nb4 25. a3 Nc6 26. Nxc6 bxc6 27. Be5+ f6 28. Rd6 Re8 29. Bc3 Bd5 30. Bxf6+ Kf7 31. Bc3 Re7 32. h3 Rb7 33. f3 a5 34. Bxa5 Rxb2 35. Rd7+ Kg8 36. Bc3 Rb3 37. Bb4 Rb2 38. Rc7 Ra2 39. Rb7 Bc4 40. h4 Bd5 41. Ra7 Rb2 42. Bc3 Rc2 43. Bd4 Rc4 44. Bf2 Rc1+ 45. Kh2 Rc2 46. Kg3 Bc4 47. a4 Ra2 48. Rc7 Bd5 49. Bd4 Rxa4 50. Be5 Rc4 51. Rg7+ Kf8 52. Rxh7 Rxc5 53. Bd6+ Kg8 54. Rh6 Rc1 55. Rxg6+ Kf7 56. Rg5 Ke6 57. Bf4 Rh1 58. h5 Kf6 59. h6 Be6 60. Ra5 Bf7 61. Ra7 c5 62. Rc7 c4 63. Kf2 Bd5 64. Rc5 Ke6 65. g4 Rh3 66. Rxd5 Kxd5 67. Kg2 Rh4 68. Bg5 c3 69. Bxh4 c2 70. Bg5 1-0

[Event "NOR-chT Elite 2324"]
[Site "Norway"]
[Date "2023.10.28"]
[Round "2.26"]
[White "Kvisla, Johannes Luangtep"]
[Black "Fossheim, Yngve Goetestam"]
[Result "1-0"]
[WhiteElo "2194"]
[BlackElo "2018"]
[PlyCount "101"]
[EventDate "2023.10.27"]
[EventType "team-tourn"]
[EventRounds "9"]
[EventCountry "NOR"]
[SourceTitle "Mega2024 Update 01"]
[Source "Chessbase"]
[SourceDate "2023.11.12"]
[SourceVersion "1"]
[SourceVersionDate "2023.11.12"]
[SourceQuality "1"]
[WhiteTeam "Offerspill"]
[BlackTeam "Bergens"]
[WhiteTeamCountry "NOR"]
[BlackTeamCountry "NOR"]

1. e4 c5 2. Nf3 g6 3. d4 cxd4 4. Nxd4 Nc6 5. c4 Nf6 6. Nc3 d6 7. Nc2 Bg7 8. Be2 Nd7 9. Bd2 0-0 10. 0-0 Nc5 11. b4 Bxc3 12. Bxc3 Nxe4 13. Bb2 Be6 14. Kh1 a5 15. b5 Ne5 16. f4 Nd7 17. Qd4 Nef6 18. g4 Qb6 19. f5 Qxd4 20. Nxd4 Bxc4 21. Bxc4 Nxg4 22. Rae1 Nge5 23. Bd5 Rab8 24. Re2 Rfc8 25. fxg6 hxg6 26. Nf3 Rc5 27. Nxe5 Nxe5 28. Bb3 Rxb5 29. Bxe5 dxe5 30. Bxf7+ Kg7 31. Bb3 Rf8 32. Rxf8 Kxf8 33. Rf2+ Kg7 34. Rf7+ Kh6 35. Rxe7 Kg5 36. Kg2 a4 37. Bg8 Kf4 38. Rf7+ Kg4 39. h3+ Kh4 40. Rh7+ Kg5 41. Kf3 Rb4 42. Bd5 b6 43. h4+ Rxh4 44. Rxh4 Kxh4 45. Bc6 g5 46. Ke4 g4 47. Kxe5 g3 48. Kd4 Kh3 49. Kc4 g2 50. Bxg2+ Kxg2 51. Kb4 1-0

[Event "Kragero op"]
[Site "Kragero"]
[Date "2023.02.24"]
[Round "6"]
[White "Fossheim, Yngve Goetestam"]
[Black "Holand, Per Fredrik"]
[Result "1-0"]
[WhiteElo "1980"]
[BlackElo "2075"]
[PlyCount "125"]
[EventDate "2023.02.22"]
[EventType "swiss"]
[EventRounds "9"]
[EventCountry "NOR"]
[SourceTitle "CBM 212 Extra"]
[Source "ChessBase"]
[SourceDate "2023.03.31"]
[SourceVersion "1"]
[SourceVersionDate "2023.03.31"]
[SourceQuality "1"]

1. d4 d5 2. c4 c6 3. Nf3 Nf6 4. Nc3 e6 5. Bg5 Nbd7 6. e3 Qa5 7. cxd5 exd5 8. a3 Ne4 9. Qc1 Nxg5 10. Nxg5 Be7 11. b4 Qd8 12. Nf3 0-0 13. b5 Nf6 14. Bd3 c5 15. dxc5 Bxc5 16. 0-0 Bg4 17. Nd4 Rc8 18. Qd2 Qd6 19. h3 Bd7 20. Qb2 Bb6 21. Rfc1 Bc7 22. Nf3 Rfe8 23. Bf1 Ne4 24. Nxe4 dxe4 25. Rd1 Qe7 26. Nd4 Qe5 27. g3 Re6 28. Qd2 Rg6 29. Rac1 Re8 30. Bg2 Bb8 31. Nc6 Bxc6 32. bxc6 Rxc6 33. Rxc6 bxc6 34. Qc2 c5 35. Qc4 g6 36. Bxe4 Qxe4 37. Qxe4 Rxe4 38. Rd8+ Kg7 39. Rxb8 Ra4 40. Rc8 Ra5 41. Rc6 f5 42. Rc7+ Kf6 43. Rxh7 Rxa3 44. Rc7 Ra5 45. Rc6+ Ke5 46. Rxg6 Ke4 47. h4 c4 48. Rc6 Kd3 49. h5 Rb5 50. h6 Rb7 51. e4 Kxe4 52. Rxc4+ Ke5 53. Rc6 Rh7 54. Ra6 f4 55. g4 f3 56. Kh2 Kf4 57. Ra4+ Kg5 58. Kg3 Rf7 59. Ra6 Rb7 60. Kxf3 Rb3+ 61. Kg2 Kxg4 62. h7 Rb8 63. Rg6+ 1-0

[Event "Kragero op"]
[Site "Kragero"]
[Date "2023.02.22"]
[Round "1"]
[White "Houska, Jovanka"]
[Black "Fossheim, Yngve Goetestam"]
[Result "1-0"]
[WhiteElo "2338"]
[BlackElo "1980"]
[PlyCount "103"]
[EventDate "2023.02.22"]
[EventType "swiss"]
[EventRounds "9"]
[EventCountry "NOR"]
[SourceTitle "CBM 212 Extra"]
[Source "ChessBase"]
[SourceDate "2023.03.31"]
[SourceVersion "1"]
[SourceVersionDate "2023.03.31"]
[SourceQuality "1"]

1. d4 d5 2. c4 c6 3. Nc3 Nf6 4. e3 e6 5. Nf3 Nbd7 6. Be2 Bd6 7. 0-0 dxc4 8. a4 e5 9. dxe5 Nxe5 10. Nxe5 Bxe5 11. Qxd8+ Kxd8 12. Bxc4 Be6 13. Bxe6 fxe6 14. f4 Bxc3 15. bxc3 Kc7 16. c4 Rad8 17. Ra3 Rd7 18. Bb2 c5 19. h3 Rhd8 20. f5 Rd1 21. Ra1 Rxf1+ 22. Rxf1 Re8 23. Be5+ Kc6 24. g4 exf5 25. Rxf5 Re6 26. Kg2 a6 27. Kf3 Ne8 28. Kf4 Re7 29. g5 Nd6 30. Bxd6 Kxd6 31. e4 Kc6 32. Rf8 Kd6 33. h4 b5 34. e5+ Ke6 35. Ra8 bxa4 36. Rxa6+ Kf7 37. Ke4 a3 38. Kd5 a2 39. Rxa2 Rd7+ 40. Kxc5 Ke6 41. Ra5 Rd1 42. Kb6 Rd4 43. c5 Kxe5 44. Ra7 Rb4+ 45. Kc6 h5 46. Rxg7 Rxh4 47. Kc7 Ra4 48. Rg8 Kd5 49. c6 h4 50. Kd7 Ra6 51. c7 Rd6+ 52. Ke7 1-0

[Event "Oslo op"]
[Site "Fornebu"]
[Date "2016.09.30"]
[Round "4"]
[White "Sidali, Elias Hulleberg"]
[Black "Fossheim, Yngve Goetestam"]
[Result "1/2-1/2"]
[WhiteElo "1572"]
[BlackElo "1827"]
[PlyCount "66"]
[EventDate "2016.09.30"]
[EventType "swiss"]
[EventRounds "9"]
[EventCountry "NOR"]
[SourceTitle "EXT 2018"]
[Source "ChessBase"]
[SourceDate "2017.10.13"]
[SourceVersion "1"]
[SourceVersionDate "2017.10.13"]
[SourceQuality "1"]

1. e4 e5 2. Nf3 Nc6 3. d4 exd4 4. Bc4 d6 5. Nxd4 Nxd4 6. Qxd4 Nf6 7. Bg5 Be7 8. Nc3 0-0 9. 0-0 Be6 10. Bb3 Bxb3 11. axb3 Nxe4 12. Bxe7 Nxc3 13. Qh4 Ne2+ 14. Kh1 Qd7 15. Bxf8 Rxf8 16. Rfe1 Re8 17. Qc4 Qe7 18. g3 b5 19. Qd3 c6 20. Kg2 Qe6 21. f3 g6 22. Qe4 Qxe4 23. fxe4 Nd4 24. Rxa7 Nxc2 25. Re2 Nd4 26. Rf2 f5 27. exf5 gxf5 28. Rd7 d5 29. Rd6 Re4 30. Rd8+ Kg7 31. Rd7+ Kg8 32. Rd8+ Kg7 33. Rd7+ Kg8 1/2-1/2

[Event "NOR-ch Class3"]
[Site "Oslo"]
[Date "2015.07.09"]
[Round "7"]
[White "Pedersen, Ole Petter"]
[Black "Fossheim, Yngve Goetestam"]
[Result "0-1"]
[WhiteElo "1365"]
[BlackElo "1381"]
[PlyCount "62"]
[EventDate "2015.07.04"]
[EventType "swiss"]
[EventRounds "9"]
[EventCountry "NOR"]
[SourceTitle "EXT 2017"]
[Source "ChessBase"]
[SourceDate "2016.10.25"]
[SourceVersion "1"]
[SourceVersionDate "2016.10.25"]
[SourceQuality "1"]

1. d4 Nf6 2. c4 d6 3. Nc3 g6 4. h3 Bg7 5. e4 0-0 6. Bd3 Nbd7 7. Nge2 c5 8. d5 Ne5 9. 0-0 Nfd7 10. f4 Nxd3 11. Qxd3 f5 12. Ng3 fxe4 13. Ncxe4 Nf6 14. Ng5 Qe8 15. Re1 h6 16. Ne6 Bxe6 17. Rxe6 Nd7 18. Rxg6 Rf6 19. Rxg7+ Kxg7 20. Nh5+ Qxh5 21. Bd2 Qf5 22. Qe3 Rf7 23. g4 Qg6 24. Bc3+ Kg8 25. Re1 Nb6 26. b3 Raf8 27. f5 Rxf5 28. Qxe7 R5f7 29. Re6 Rf1+ 30. Kg2 Qc2+ 31. Kg3 Qf2# 0-1

[Event "NOR-ch Class3"]
[Site "Oslo"]
[Date "2015.07.04"]
[Round "2"]
[White "Fossheim, Yngve Goetestam"]
[Black "Bu, Knut Steinar"]
[Result "1-0"]
[WhiteElo "1381"]
[BlackElo "1280"]
[PlyCount "73"]
[EventDate "2015.07.04"]
[EventType "swiss"]
[EventRounds "9"]
[EventCountry "NOR"]
[SourceTitle "EXT 2017"]
[Source "ChessBase"]
[SourceDate "2016.10.25"]
[SourceVersion "1"]
[SourceVersionDate "2016.10.25"]
[SourceQuality "1"]

1. e4 c5 2. Nf3 d6 3. d4 cxd4 4. Nxd4 Nf6 5. Nc3 a6 6. f3 e6 7. Bg5 Be7 8. Qd2 0-0 9. 0-0-0 Nbd7 10. g4 b5 11. Nc6 Qe8 12. Nxe7+ Qxe7 13. Qxd6 Qxd6 14. Rxd6 Ne8 15. Rd2 Ne5 16. Be7 Nxf3 17. Rf2 Ne5 18. h3 Ra7 19. Bxf8 Kxf8 20. Bg2 Bd7 21. b3 Rc7 22. Kb2 a5 23. Rd1 a4 24. Ne2 b4 25. Nd4 a3+ 26. Kb1 Nd6 27. Nxe6+ Bxe6 28. Rxd6 Ke7 29. Rfd2 Rc3 30. R6d4 Re3 31. Kc1 Re1+ 32. Rd1 Re2 33. Bf1 Re3 34. Rxb4 Rc3 35. Rb5 Nf3 36. e5 Ng5 37. Rb7+ 1-0

[Event "NOR-ch U12"]
[Site "Hamar"]
[Date "2013.11.16"]
[Round "4"]
[White "Fossan, Aleksander"]
[Black "Fossheim, Yngve Goetestam"]
[Result "1-0"]
[WhiteElo "1250"]
[BlackElo "1129"]
[PlyCount "63"]
[EventDate "2013.11.15"]
[EventType "swiss"]
[EventRounds "7"]
[EventCountry "NOR"]
[SourceTitle "EXT 2024"]
[Source "ChessBase"]
[SourceDate "2023.10.10"]
[SourceVersion "1"]
[SourceVersionDate "2023.10.10"]
[SourceQuality "1"]

1. e4 e5 2. Nf3 Nc6 3. Bc4 Bc5 4. c3 d6 5. d4 exd4 6. cxd4 Bb4+ 7. Nc3 Bg4 8. Be2 Nge7 9. 0-0 0-0 10. Bf4 Ng6 11. Be3 h6 12. h3 Bxf3 13. Bxf3 Nce7 14. Qd3 c6 15. a3 Ba5 16. Rac1 Kh8 17. Bg4 Bc7 18. f4 Nh4 19. f5 d5 20. e5 f6 21. g3 fxe5 22. gxh4 exd4 23. Bxd4 Qd6 24. Rf2 c5 25. Be3 d4 26. Ne4 Qb6 27. Bf4 Bxf4 28. Rxf4 Qc7 29. Rf2 b6 30. Qxd4 cxd4 31. Rxc7 Rfe8 32. Nd6 1-0

[Event "Oslo op ELO"]
[Site "Oslo"]
[Date "2011.10.02"]
[Round "2"]
[White "Fossheim, Yngve Goetestam"]
[Black "Mihajlov, Sebastian"]
[Result "1/2-1/2"]
[WhiteElo "2400"]
[BlackElo "1972"]
[PlyCount "91"]
[EventDate "2011.10.02"]
[EventType "swiss"]
[EventRounds "9"]
[EventCountry "NOR"]
[SourceTitle "EXT 2023"]
[Source "ChessBase"]
[SourceDate "2022.10.05"]
[SourceVersion "1"]
[SourceVersionDate "2022.10.05"]
[SourceQuality "1"]

1. e4 e5 2. Nf3 Nc6 3. Bb5 a6 4. Ba4 Nf6 5. 0-0 b5 6. Bb3 Bb7 7. c3 Nxe4 8. Re1 Nc5 9. Nxe5 Nxe5 10. Rxe5+ Ne6 11. Bxe6 dxe6 12. d4 Bd6 13. Re2 Qh4 14. h3 Qh5 15. Rxe6+ fxe6 16. Qxh5+ g6 17. Qe2 0-0-0 18. Bg5 Rde8 19. Nd2 h6 20. Bf6 Rhf8 21. Be5 Bxe5 22. dxe5 Rf5 23. Rf1 Ref8 24. f3 Bd5 25. b3 Bc6 26. c4 Rf4 27. Qe3 Kb8 28. g3 R4f7 29. f4 Rd8 30. Ne4 Rfd7 31. Kh2 Rd3 32. Qe2 R3d4 33. Nf2 Rd2 34. Qe3 Rc2 35. Rc1 Rxa2 36. Kg1 Rdd2 37. Qc5 Bb7 38. Rf1 Rac2 39. Qf8+ Ka7 40. Qxh6 Be4 41. Qg7 Kb7 42. Qe7 Bd3 43. Rd1 Rxf2 44. Rxd3 Rg2+ 45. Kf1 Rh2 46. Kg1 1/2-1/2